000 00607nam a22002177a 4500
005 20260515114929.0
008 220922b ||||| |||| 00| 0 eng d
020 _a9788194692454
040 _aIN-DiNC
_cIN-DiNC
041 _dasm
082 _a303.44
_bBOR
100 _aBorah, Rajen
_eauthor
245 _aUnnayanar punarchintat/
_cby Rajen Borah, Pankaj Boruah and Akhil Borah
250 _a2nd rev. ed.
260 _aJorhat:
_bBidya bhawan,
_c2021
300 _a224p.
650 _aRethinking development
700 _aBoruah, Pankaj
_eauthor
700 _aBorah, Akhil
_eauthor
942 _2ddc
_cBK
999 _c11373
_d11373